000 00627nam a2200241Ia 4500
003 OSt
005 20220918214850.0
006 a|||||r|||| 00| 0
007 ta
008 220917b |||||||| |||| 00| 0 eng d
024 _a139,192
037 _cTextual
040 _aARTS
_cARTS
_beng
041 _2eng
_aeng
082 _aY:5.6, M5
100 _aClarke John ed
_913604
245 0 _aPopulation and development projects in Africa
260 _aCambridge
_bCUP
_c1985
300 _axvi,329p.
_ccm.
650 _aSOCIOLOGY
942 _hY:5.6, M5
_cTEXL
_2CC
999 _c262194
_d262194